| 000 | 00557nam a22001457a 4500 | ||
|---|---|---|---|
| 005 | 20250721091736.0 | ||
| 008 | 250721b |||||||| |||| 00| 0 eng d | ||
| 050 |
_aRES. HD 38.5 .N93 2013 _bC. 1 |
||
| 100 | _aNYAMBACHA, JOSHUA NYAKAMBA | ||
| 245 |
_aAN ASSESSMENT OF THE IMPACT OF MATERIAL SUPPLY ORGANIZATIONAL EFFICIENCY _bA CASE STUDY OF KEBIRIGO TEA FACTORY, GUSII WATER COMPANY AND NYAMIRA DISTRICT PROCUREMENT OFFICES, NYAMIRA COUNTY |
||
| 260 |
_aKISII _bKSU _c2013 |
||
| 300 | _aXI, 31P.,ILL; | ||
| 500 | _aINCLUDES REFERENCES | ||
| 942 |
_2lcc _cREF |
||
| 999 |
_c215941 _d215941 |
||